Does discourse matter in the politics of welfare state adjustment? (Record no. 52356)

000 -LEADER
fixed length control field 01332pab a2200157 454500
008 - FIXED-LENGTH DATA ELEMENTS--GENERAL INFORMATION
fixed length control field 180718b2002 xxu||||| |||| 00| 0 eng d
100 ## - MAIN ENTRY--PERSONAL NAME
Personal name Schmidt, Vivien A.
245 ## - TITLE STATEMENT
Title Does discourse matter in the politics of welfare state adjustment?
260 ## - PUBLICATION, DISTRIBUTION, ETC.
Date of publication, distribution, etc. 2002
300 ## - PHYSICAL DESCRIPTION
Extent p.168-93.
362 ## - DATES OF PUBLICATION AND/OR SEQUENTIAL DESIGNATION
Dates of publication and/or sequential designation Mar
520 ## - SUMMARY, ETC.
Summary, etc. In the reform of the welfare state, countries' experiences depend not only on their economics, institutions, and policy responses but also on politics, that is, on governments' ability to gain agreement for reform through discourse, understood as both a set of ideas and an interactive process. This article seeks to show not only how discourse matters but also when it matters, that is, when it acts as a causal influence on welfare reform, altering perceptions of interests and over-coming institutional obstacles to change. It demonstrates this through the examination of three matched sets of cases in which the presence of a coherent discourse contributed to the success of welfare state reform and its absence contributed to the success of welfare state reform and its absence contributed to its failure. The matched pairs are Britain and New Zealand, the Netherlands and Germany, and Italy and France. - Reproduced.
650 ## - SUBJECT ADDED ENTRY--TOPICAL TERM
Topical term or geographic name entry element Social policy
773 ## - HOST ITEM ENTRY
Main entry heading Comparative Political Studies
909 ## -
-- 52356
Holdings
Withdrawn status Lost status Damaged status Not for loan Permanent Location Current Location Date acquired Serial Enumeration / chronology Barcode Date last seen Price effective from Koha item type
        Indian Institute of Public Administration Indian Institute of Public Administration 2018-07-19 Volume no: 35, Issue no: 2 AR52786 2018-07-19 2018-07-19 Articles

Powered by Koha